000 00370nam a2200133 i 4500
001 bg
100 1 _aPŁOWIEC, Ryszard
245 0 _aLepkość i sprężystość cieczy określona za pomocą ultradzwiękowych fal ścinania /
_cR. Płowiec.
260 _aWarszawa,
_c1990.
040 _cBPK
041 _apol
942 _cKS
008 s pl f |000 0 pol
999 _c29334
_d29334
856 _uhttp://koha.tu.koszalin.pl/cgi-bin/koha/opac-detail.pl?biblionumber=29334
_yKatalog online BPK